When you feel like you haven't got it: (Record no. 3728)

000 -LEADER
fixed length control field 00824nam a2200253 a 4500
001 - CONTROL NUMBER
control field :::00001460$&:&@@
003 - CONTROL NUMBER IDENTIFIER
control field OkBaRHE
005 - DATE AND TIME OF LATEST TRANSACTION
control field 20000607103244.0
008 - FIXED-LENGTH DATA ELEMENTS--GENERAL INFORMATION
fixed length control field s1976 j 000 0 eng u
020 ## - INTERNATIONAL STANDARD BOOK NUMBER
International Standard Book Number 0830711236 (pbk.)
040 ## - CATALOGING SOURCE
Transcribing agency
100 1# - MAIN ENTRY--PERSONAL NAME
Personal name Getz, Gene A.
245 10 - TITLE STATEMENT
Title When you feel like you haven't got it:
Remainder of title take a lesson from Moses.
250 ## - EDITION STATEMENT
Edition statement 2nd ed.
260 ## - PUBLICATION, DISTRIBUTION, ETC. (IMPRINT)
Place of publication, distribution, etc Ventura, CA., :
Name of publisher, distributor, etc Regal Books
Date of publication, distribution, etc c1976
300 ## - PHYSICAL DESCRIPTION
Extent 158 p. ;
Dimensions 21 cm.
490 0# - SERIES STATEMENT
Series statement Biblical renewal series.
650 ## - SUBJECT ADDED ENTRY--TOPICAL TERM
Topical term or geographic name as entry element Bible Old Testament
General subdivision Biography
650 ## - SUBJECT ADDED ENTRY--TOPICAL TERM
Topical term or geographic name as entry element Christian Life
General subdivision 1960-
650 ## - SUBJECT ADDED ENTRY--TOPICAL TERM
Topical term or geographic name as entry element Moses (Biblical leader)
700 ## - ADDED ENTRY--PERSONAL NAME
Personal name Getz, Gene A. Moses, moments of glory, feet of clay.
942 ## - ADDED ENTRY ELEMENTS (KOHA)
Source of classification or shelving scheme
Koha item type Books
Copies
Date acquired Barcode Shelving location Copy number Permanent Location Not for loan Full call number Koha item type Withdrawn status Source of classification or shelving scheme Damaged status Date last seen Lost status Price effective from
2010-04-141460General Stacks1RHEMA Bible Training College BS 580 .M6G45Books   2010-04-14 2010-04-14